Luz sobre las espaldas (Record no. 1644)

MARC details
000 -LEADER
campo de control de longitud fija 00380nam a2200121 4500
008 - DATOS DE LONGITUD FIJA--INFORMACIÓN GENERAL
campo de control de longitud fija 708 R741l
082 ## - NÚMERO DE LA CLASIFICACIÓN DECIMAL DEWEY
Número de clasificación 708
Número de ítem R741l
100 ## - ENTRADA PRINCIPAL--NOMBRE DE PERSONA
Nombre de persona Roig, Bernardí
9 (RLIN) 6581
245 ## - MENCIÓN DEL TÍTULO
Título Luz sobre las espaldas
260 ## - PUBLICACIÓN, DISTRIBUCIÓN, ETC.
Lugar de publicación, distribución, etc. Madrid
Nombre del editor, distribuidor, etc. Max estrella
Fecha de publicación, distribución, etc. 2000
300 ## - DESCRIPCIÓN FÍSICA
Extensión 34 p.
Otras características físicas ill (col)
Dimensiones 21.5 x 23 cm
650 ## - PUNTO DE ACCESO ADICIONAL DE MATERIA--TÉRMINO DE MATERIA
Subdivisión general arte contemporáneo
-- arte - exhibiciones
-- España
-- arte - religión
-- arte - iconografía
9 (RLIN) 6742
Holdings
Estatus retirado Estado de pérdida Fuente del sistema de clasificación o colocación Estado de daño No para préstamo Biblioteca de origen Biblioteca actual Ubicación en estantería Fecha de adquisición Total de préstamos Signatura topográfica completa Código de barras Visto por última vez Precio de reemplazo Tipo de ítem Koha
    Clasificación Decimal Dewey     Biblioteca LadoV Biblioteca LadoV   18/10/2018   708 R741l 000983 18/10/2018 18/10/2018 Material 01